00419nam a2200097Ia 4500008004100000100002600041245012600067260003700193650003000230856006100260160909s9999 xx 000 0 und d aGaillard, Nancy Baugh aBalancing school safety and K-12 public school students' fourth and fifth amendment rights: Court cases from 2004 to 2015 bThe University of Alabama.c2016 aHUMAN RESOURCE MANAGEMENT uhttp://pqdtopen.proquest.com/doc/1798838933.html?FMT=ABS